| 000 | 00564nam a22001937a 4500 | ||
|---|---|---|---|
| 003 | 0 | ||
| 005 | 20240920164214.0 | ||
| 008 | 240920b xxu||||| |||| 00| 0 eng d | ||
| 020 | _a978-1-119-61785-3 | ||
| 050 |
_aPN 1995.9 _b.St76 2020 |
||
| 100 | _aStoller, Bryan Michael | ||
| 245 |
_aFilming for dummies _cStoller, Bryan Michael |
||
| 250 | _a3rd ed. | ||
| 260 |
_aNew Jersery _bJohn wiley & sons, inc., _cC2020 |
||
| 300 |
_axvi, 424p. _bill. : _c24cm. |
||
| 500 | _aMotion pictures--production & direction. | ||
| 650 | _aIncludes index. | ||
| 942 |
_2lcc _cBK |
||
| 999 |
_c366300 _d366300 |
||